000 00328nam a2200145Ia 4500
008 231217s9999 xx 000 0 und d
041 _aEnglish
082 _a001.6424C NAG `R'
100 _aNagler, Eric
245 0 _aLearning C++
260 _cNULL
_bMumbai : Jaico,
300 _axix+658
650 _aC++
942 _cAA
999 _c166818
_d166818